Les films de Christopher Nolan - Statistiques

Statistiques générales
  • Ce quiz a été pris 332 fois
  • Le résultat moyen est 9 sur 12
Statistiques - réponses
Année Film % Correct
2010 Inception
92%
2023 Oppenheimer
91%
2014 Interstellar
89%
2020 Tenet
86%
2008 The Dark Knight : Le Chevalier Noir
78%
2005 Batman Begins
71%
2017 Dunkerque
71%
2000 Memento
70%
2006 Le Prestige
65%
2012 The Dark Knight Rises
64%
2002 Insomnia
43%
1998 Following
39%
Aucun quiz correspondant
Distribution des résultats
% des personnes avec chaque résultat
Percentile par nombre de réponses
Votre historique - résultats
Vous n’avez pas pris ce quiz